LEADER 01136nam a2200253 u 4500 001 000000040606 003 CaOOAMICUS 005 20070226114124.0 008 980528s1937 fr u000 u fre u 035 $a10796791 040 $aPUL(R)$bita 100 1 $aMichaélid&AGes-Nouaros, Georges.$0(OLS)http://pul/name/29971 245 10$aContribution à l'étude des pactes successoraux en droit byzantin (Justinien et post-Justinien) /$cGeorges Michaélid&AGes-Nouaros. 260 $aParis :$bEditions Héracl&AGes,$c1937. 300 $a231 p. ;$c25 cm 500 $aIncludes index. 504 $aBibliografia in nota. 650 4$aDiritto bizantino.$0(OLS)http://pul/subject/2206 850 $aPUL 852 $aPUL$W1$xDP2 Diritto e Scienze Sociali 1$y65$m188 F 38$j55163$nBK-PRI$qStampati$B55163$CPULBib$Z2$F55163 $H34543 $82 941 1 $a8 961 $aEx libris: Evaristi Carusi. 996 $6245$aContribution à l'étude des pactes successoraux en droit byzantin (Justinien et post-Justinien)$9(OLS)http://pul/title/54774 996 $6260$aParis :$bEditions Héracl&AGes$9(OLS)http://pul/publisher/64386 LEADER 01477nam a2200313 a 4500 001 000000163097 003 CaOOAMICUS 005 20171003154343.0 008 171003s1997 it m 001 u ita r 020 $a88-7652-745-1* 032 $aLibriCat 040 $aPUL$bita 100 1 $aD'Auria, Andrea,$d1964-$0(OLS)http://pul/name/51716 245 12$aL'imputabilità nel diritto penale canonico / $cAndrea D'Auria . 260 $aRoma :$bEditrice Pontificia Università Gregoriana,$c1997. 300 $a238 p. ;$c24 cm. 490 1 $aTesi Gregoriana. Serie Diritto Canonico ;$v15 502 $aTesi -- Pontificia Universitas Gregoriana. Facoltà di Diritto Canonico. 1996. 504 $aBibliografia in nota. 650 04$aImputabilitá (diritto canonico).$0(OLS)http://pul/subject/11129 710 2 $aPontificia Università Gregoriana.$bFacoltà di diritto canonico.$kTesi.$0(OLS)http://pul/name/81757 830 0$aTesi Gregoriana.$pSerie diritto canonico ;$v15.$0(OLS)http://pul/title/65563 850 $aPUL 852 $aPUL$W1$xDP1 Tesi Pon. Univ. Gregoriana$y40$mTH PUG 4357$j187147$bTesi$q $B190319$CPULBib$Z2$F190319 $H78434 $81 941 1 $a16 996 $6020$a88-7652-745-1*$9(OLS)http://pul/number/163146 996 $6245$aL'imputabilità nel diritto penale canonico / $9(OLS)http://pul/title/202836 996 $6260$aRoma :$bEditrice Pontificia Università Gregoriana$9(OLS)http://pul/publisher/51116